000 00490nam a2200169Ia 4500
003 GCL
008 140319s9999 xx 000 0 ara d
040 _aGCL /
_cGCL
082 0 4 _a810.9
_bق ا
100 1 _aقرشى عباس دندراوى
245 1 0 _aادب السيوطى: دراسة نقدية /
_cقرشى عباس دندراوى
260 _a[S.N] :
_bدار المعارف ،
_c1994
300 _a381 ص
490 _a
650 0 4 _aالادب العربى
942 _2ddc
_cBK
999 _c55819
_d55819